Μικρά Ασία : μνήμες Ελλήνων

Αποθηκεύτηκε σε:
Λεπτομέρειες βιβλιογραφικής εγγραφής
Κύριος συγγραφέας: Μεχτίδης, Πέτρος Στ
Μορφή: Βιβλίο
Γλώσσα:Greek
Δημοσίευση: Αθήνα : Τα Νέα, 2006.
Σειρά:Χαμένες Πατρίδες
Θέματα:
Ετικέτες: Προσθήκη ετικέτας
Δεν υπάρχουν, Καταχωρήστε ετικέτα πρώτοι!

MARC

LEADER 00000cam a2200000 a 4500
001 1/121699
008 200708t2006####gr | ||| |||| ||gre||
020 |a 9789606731983 
040 |a GR-MyUa  |b gre  |c GR-MyUa  |e AACR2 
041 0 |a gre 
082 7 |a 956.1  |2 (23) 
100 1 |a Μεχτίδης, Πέτρος Στ. 
245 1 0 |a Μικρά Ασία :   |b μνήμες Ελλήνων /   |c Πέτρος Στ. Μεχτίδης.  
260 |a Αθήνα :   |b Τα Νέα,   |c 2006.  
300 |a 193 σ. ;   |c 28 εκ.  
490 1 |a (Χαμένες Πατρίδες)  
500 |a Τα Παράλια: Αϊβαλί - Αλικαρνασός - Σμύρνη - Μουδανία - Φώκαια - Μαγνησία - Πέργαμος - Τα Βιλαέτια της Σμύρνης και της Προύσας.  
504 |a Βιβλιογραφία: σ. 192-193.  
650 0 |a Education  |z Asia Minor  |x History. 
650 0 |a Monuments  |z Asia Minor. 
830 0 |a Χαμένες Πατρίδες 
852 |a INST  |b SAMOS  |e 20200708  |h 956.1 ΜΕΧ  |p 005300046524  |q 005300046524  |t BK  |y 0 
920 |a Τραγάκη  |b Ζαφειρούλα  |y Σάμος  |z 2019-04 
970 |a Φιλιππή  |b Φάλη  |z 08-07-2020